书目信息 |
| 题名: |
生活的牧歌
|
|
| 作者: | 晓雪 著 | |
| 分册: | ||
| 出版信息: | 北京 人民文学出版社 1981 |
|
| 页数: | 222页 | |
| 开本: | 19cm | |
| 丛书名: | 新文学论丛丛书 | |
| 单 册: | ||
| 中图分类: | I207.25 , I207.2 | |
| 科图分类: | ||
| 主题词: | 新诗-文学研究--中国 , 文学研究-新诗--中国 | |
| 电子资源: | ||
| ISBN: | ||
| 000 | 00689nam2 2200265 45 | |
| 001 | 1548385823 | |
| 005 | 20150128075217.07 | |
| 010 | @dCNY0.50 | |
| 091 | @aCN@b10019.3115 | |
| 100 | @a19950425d1981 em y0chiy0121 ea | |
| 101 | 0 | @achi |
| 102 | @aCN@b110000 | |
| 105 | @ay z 000yy | |
| 200 | 10 | @a生活的牧歌@Asheng huo de mu ge@f晓雪著 |
| 210 | @a北京@c人民文学出版社@d1981 | |
| 215 | @a222页@d19cm | |
| 225 | 2 | @a新文学论丛丛书 |
| 410 | 0 | @120010@a新文学论丛丛书 |
| 606 | @a新诗-文学研究@y中国 | |
| 606 | @a文学研究-新诗@y中国 | |
| 690 | @aI207.25@v3 | |
| 690 | @aI207.2@v4 | |
| 701 | 0 | @a晓雪@Axiao xue@4著 |
| 801 | 0 | @aCN@bTSSF@c20150128 |
| 905 | @aZUCC@dI207.2@eJY84 | |
| 生活的牧歌/晓雪著.-北京:人民文学出版社,1981 |
| 222页;19cm.-(新文学论丛丛书) |
| ISBN :CNY0.50 |
| ● |
| 相关链接 |
|
|
|
|
正题名:生活的牧歌
索取号:I207.2/JY84
 
预约/预借
| 序号 | 登录号 | 条形码 | 馆藏地/架位号 | 状态 | 备注 |
| 1 | 7856871 | 278568710 | 学院路分馆/ [索取号:I207.2/JY84] | 在馆 |